000 00956nam a2200277Ia 4500
003 OSt
005 20221005105541.0
006 a|||||r|||| 00| 0
007 ta
008 221004b |||||||| |||| 00| 0 san d
020 _a9386439158 (hbk)
_cINR 400.00
024 _a37021
037 _b378, 10/03/2018, Eastern Book Linkers
_cTextual
040 _aCRL
_cCRL
_bsan
041 _2san
_asan
082 _aO15,1D40,3, Q7
100 _aकालिदास, ले.
245 0 _aमेघदूतम्
246 _aMeghadūtam
260 _aनई दिल्ली
_bराधा पब्लिकेशनस् भारत
_c2017
300 _a154पृ0
_ccm.
650 _a संस्कृत साहित्य
650 _aसंस्कृत कविता
942 _hO15,1D40,3, Q7
_cTEXL
_2cc
999 _c1016146
_d1016146